00394nam a2200157Ia 4500008004100000020001500041041001200056082001100068100001600079245005000095250000800145260003900153300000800192650001600200700002000216221030s9999 xx 000 0 und d a8177586882 aEnglish a105.23 aT. W. Pratt 0aProgramming Languages Design & Implementation a4th bPearson EdcuationaNew Delhic2007 a590 aBB Computer aM. V. Zelkowitz